[Event "WYb12"]
[Site "Heraklio GRE"]
[Date "2004.11.07"]
[Round "5"]
[White "Galburd,Y"]
[Black "Sandeep,Y"]
[Result "1/2-1/2"]
[WhiteElo "2051"]
[BlackElo "2138"]

1.d4 Nf6 2.c4 g6 3.Nc3 d5 4.cxd5 Nxd5 5.e4 Nxc3 6.bxc3 Bg7 7.Bc4 c5 8.Ne2 O-O
9.O-O Nc6 10.Be3 Bg4 11.f3 Na5 12.Bxf7+ Rxf7 13.fxg4 Rxf1+ 14.Kxf1 cxd4 15.cxd4 e5
16.Kg1 Rc8 17.dxe5 Bxe5 18.Bd4 Bxd4+ 19.Qxd4 Qxd4+ 20.Nxd4 Rc4 21.Nb3 Nc6
22.Rc1  1/2-1/2

[Event "Open"]
[Site "Calcutta IND"]
[Date "2004.11.09"]
[Round "2"]
[White "Gareev,T"]
[Black "Monir,A"]
[Result "1-0"]
[WhiteElo "2525"]
[BlackElo "2151"]

1.d4 Nf6 2.c4 g6 3.Nc3 d5 4.cxd5 Nxd5 5.e4 Nxc3 6.bxc3 Bg7 7.Nf3 O-O 8.Be2 c5
9.Rb1 Nc6 10.d5 Bxc3+ 11.Bd2 Bxd2+ 12.Qxd2 Nd4 13.Nxd4 cxd4 14.Qxd4 Qa5+
15.Qd2 Qxd2+ 16.Kxd2 Rd8 17.Ke3 b6 18.Rbc1 e6 19.Bc4 e5 20.f4 exf4+ 21.Kxf4 Bd7
22.Ba6 Bc8 23.Be2 f5 24.e5 Bb7 25.d6 Bxg2 26.Rhd1 Rac8 27.Rxc8 Rxc8 28.e6 Bc6
29.d7 Bxd7 30.exd7 Rd8 31.Bb5  1-0

[Event "Bundesliga 2004-5"]
[Site "Baden Oos GER"]
[Date "2004.11.13"]
[Round "1"]
[White "Hoffmann,Mi1"]
[Black "Schulze,U"]
[Result "1/2-1/2"]
[WhiteElo "2468"]
[BlackElo "2333"]

1.d4 Nf6 2.c4 g6 3.Nc3 d5 4.cxd5 Nxd5 5.e4 Nxc3 6.bxc3 Bg7 7.Nf3 c5 8.Rb1 O-O
9.Be2 cxd4 10.cxd4 Qa5+ 11.Qd2 Qxd2+ 12.Bxd2 b6 13.O-O Ba6 14.Rfe1 Bxe2 15.Rxe2 Rc8
16.Bg5 e6 17.d5 f6 18.Bd2 exd5 19.exd5 Na6 20.Nd4 Rd8 21.Nc6 Nb8  1/2-1/2

[Event "Bundesliga 2004-5"]
[Site "Koelln GER"]
[Date "2004.11.13"]
[Round "1"]
[White "Beliavsky,A"]
[Black "Berezovsky,I"]
[Result "1-0"]
[WhiteElo "2660"]
[BlackElo "2434"]

1.d4 Nf6 2.c4 g6 3.Nc3 d5 4.cxd5 Nxd5 5.e4 Nxc3 6.bxc3 Bg7 7.Nf3 O-O 8.Rb1 b6
9.Be3 Bb7 10.Bd3 Qc8 11.O-O Nc6 12.Qd2 Ba6 13.c4 Qd7 14.d5 Na5 15.Bh6 c6
16.Bxg7 Kxg7 17.c5 Bxd3 18.Qxd3 cxd5 19.exd5 Rfd8 20.Rfd1 Qf5 21.Qxf5 gxf5
22.cxb6 axb6 23.Rxb6 Rdb8 24.Rxb8 Rxb8 25.g3 Rb2 26.d6 exd6 27.Rxd6 Rb5 28.Nd4 Rc5
29.Kg2 Kf8 30.Rf6  1-0

[Event "Acropolis IM Open"]
[Site "Athens GRE"]
[Date "2004.11.17"]
[Round "2"]
[White "Parginos,V"]
[Black "Kalaitzoglou,P"]
[Result "1-0"]
[WhiteElo "2097"]
[BlackElo "2155"]

1.d4 Nf6 2.c4 g6 3.Nc3 d5 4.cxd5 Nxd5 5.e4 Nxc3 6.bxc3 Bg7 7.Nf3 c5 8.Rb1 Nc6
9.d5 Ne5 10.Nxe5 Bxe5 11.Qb3 O-O 12.f4 Bc7 13.Bc4 b5 14.Bxb5 Rb8 15.Qc2 e6
16.dxe6 Bxe6 17.O-O f5 18.Be3 Qe7 19.a4 Bb6 20.Rbe1 c4 21.exf5 Rxf5 22.Qf2 Qc7
23.Bd4 Bd5 24.Re5 Rbf8 25.Qe2 g5 26.Rxd5 Rxd5 27.Bxc4 Rf5 28.Qe8+  1-0

[Event "It"]
[Site "Piestany SVK"]
[Date "2004.11.17"]
[Round "1"]
[White "Pribyl,Jo"]
[Black "Pinter,E"]
[Result "1/2-1/2"]
[WhiteElo "2400"]
[BlackElo "2375"]

1.d4 Nf6 2.c4 g6 3.Nc3 d5 4.cxd5 Nxd5 5.e4 Nxc3 6.bxc3 Bg7 7.Bc4 c5 8.Ne2 O-O
9.Be3 Nc6 10.O-O Bg4 11.f3 cxd4 12.cxd4 Na5 13.Bxf7+ Rxf7 14.fxg4 Rxf1+ 15.Kxf1 e5
16.Rc1 b5 17.dxe5 Nc4 18.Qxd8+ Rxd8 19.Bxa7 Bh6 20.Ra1 Nxe5 21.h3 Nc4 22.e5 Nxe5
23.Rb1 b4 24.Bc5 Rd2 25.Bxb4 Rxa2 26.Bc3 Nc4 27.Rb8+ Kf7 28.Rb7+ Kg8 29.Rb8+ Kf7
30.Rb7+ Kg8  1/2-1/2

[Event "Lushki B"]
[Site "Serpukhov RUS"]
[Date "2004.11.19"]
[Round "1"]
[White "Sobyanin,V"]
[Black "Vorontsov,N"]
[Result "0-1"]
[WhiteElo "2277"]
[BlackElo "2347"]

1.d4 Nf6 2.c4 g6 3.Nc3 d5 4.cxd5 Nxd5 5.e4 Nxc3 6.bxc3 Bg7 7.Bc4 c5 8.Ne2 O-O
9.Be3 Nc6 10.O-O Bg4 11.f3 Na5 12.Bd3 cxd4 13.cxd4 Be6 14.Rc1 Bxa2 15.Qa4 Be6
16.d5 Bd7 17.Qb4 e6 18.Nc3 exd5 19.Nxd5 Be6 20.Rfd1 Bxd5 21.exd5 Qxd5 22.Bf2 Rad8
23.Rc5 Qd6 24.Qxa5 b6 25.Qxa7 bxc5 26.Bxc5 Bd4+ 27.Bxd4 Qxd4+ 28.Qxd4 Rxd4
29.Kf2 Re8 30.Be2 Rxd1 31.Bxd1 Rd8 32.Be2 Rd2 33.Ke3 Rb2 34.f4 Kg7 35.Bf3 Kf6
36.Be4 h6 37.h4 Rb3+ 38.Kf2 Ke6 39.Ke2 Kd6 40.Bf3 Kc5 41.h5 Kd4 42.hxg6 Rb2+  0-1

[Event "ch-CRO"]
[Site "Zagreb CRO"]
[Date "2004.11.19"]
[Round "4"]
[White "Jovanic,O"]
[Black "Brkic,A"]
[Result "1/2-1/2"]
[WhiteElo "2475"]
[BlackElo "2454"]

1.d4 Nf6 2.c4 g6 3.Nc3 d5 4.cxd5 Nxd5 5.e4 Nxc3 6.bxc3 Bg7 7.Nf3 c5 8.Bb5+ Nc6
9.O-O cxd4 10.cxd4 O-O 11.Be3 Bg4 12.Bxc6 bxc6 13.Rc1 Qa5 14.Qd2 Qxd2 15.Nxd2 Rfd8
16.Nb3 a5 17.Rxc6 a4 18.Nc5 Bxd4 19.Bxd4 Rxd4 20.f3 Bc8 21.Rc1 a3 22.Rc2 Rb4
23.Kf2 Rb2 24.Nd3 Rxc2+ 25.Rxc2 Be6 26.Ke3 g5 27.Nc5 Rc8 28.Kd2 Bxa2 29.Rxa2 Rxc5
30.Rxa3 Kg7  1/2-1/2

[Event "XXI WJun Women"]
[Site "Kochin IND"]
[Date "2004.11.20"]
[Round "2"]
[White "Sivasankari,P"]
[Black "Brekke,J"]
[Result "1-0"]
[WhiteElo "2112"]
[BlackElo "1988"]

1.d4 Nf6 2.c4 g6 3.Nc3 d5 4.cxd5 Nxd5 5.e4 Nxc3 6.bxc3 Bg7 7.Nf3 c5 8.Bb5+ Bd7
9.Bxd7+ Nxd7 10.O-O O-O 11.Rb1 b6 12.Bf4 e5 13.Nxe5 Nxe5 14.Bxe5 Bxe5 15.dxe5 Qxd1
16.Rbxd1 Rfe8 17.f4 f6 18.Rd7 fxe5 19.fxe5 Rxe5 20.Rff7 Rxe4 21.Rg7+ Kh8
22.Rxh7+ Kg8 23.Rdg7+ Kf8 24.Rxg6 Rae8 25.h4 Re1+ 26.Kh2 Rf1 27.h5 Ree1 28.Rc6 Rh1+
29.Kg3 Re3+ 30.Kg4 Kg8 31.Rxa7 Rf1 32.h6 Rf8 33.Rcc7 Rd8 34.Rg7+ Kf8 35.h7  1-0

[Event "XLIII WJun"]
[Site "Kochin IND"]
[Date "2004.11.20"]
[Round "2"]
[White "Tallaksen,G"]
[Black "L'Ami,E"]
[Result "1/2-1/2"]
[WhiteElo "2343"]
[BlackElo "2516"]

1.d4 Nf6 2.c4 g6 3.Nc3 d5 4.cxd5 Nxd5 5.e4 Nxc3 6.bxc3 Bg7 7.Nf3 c5 8.Be3 Qa5
9.Qd2 O-O 10.Rc1 Rd8 11.d5 e6 12.c4 Qxd2+ 13.Nxd2 b6 14.Be2 Na6 15.O-O Nb4
16.a3 Na2 17.Rce1 Nc3 18.Bf3 Ba6 19.Rc1 Rac8 20.Rfe1 exd5 21.exd5 f5 22.Bg5 Rd7
23.Re7 Rxe7 24.Bxe7 Kf7 25.d6 Ke6 26.Re1+ Kd7 27.Bg5 Kxd6 28.Bf4+ Kd7 29.Bg5 Kd6
30.Bf4+ Kd7 31.Bg5 Kd6  1/2-1/2

[Event "Lushki B"]
[Site "Serpukhov RUS"]
[Date "2004.11.20"]
[Round "3"]
[White "Khudaverdieva,A"]
[Black "Vorontsov,N"]
[Result "1-0"]
[WhiteElo "2086"]
[BlackElo "2347"]

1.d4 Nf6 2.c4 g6 3.Nc3 d5 4.cxd5 Nxd5 5.e4 Nxc3 6.bxc3 Bg7 7.Nf3 O-O 8.Be2 c6
9.O-O Bg4 10.Rb1 b6 11.Be3 Nd7 12.h3 Be6 13.c4 f6 14.d5 cxd5 15.cxd5 Bf7
16.Nd4 Qc7 17.Bg4 h5 18.Be6 Ne5 19.Qb3 Qc4 20.Rfc1 Qd3 21.f4 Qxb3 22.Rxb3 Bxe6
23.Nxe6 Nf7 24.Nxf8 Bxf8 25.Rc7 g5 26.fxg5 fxg5 27.Ra3 Nd6 28.Raxa7 Rxa7
29.Rxa7 Nxe4 30.Bxb6 Nc3 31.Ra5 Ne2+ 32.Kf2 Nf4 33.Be3 Kf7 34.Bxf4 gxf4 35.Kf3  1-0

[Event "XLIII WJun"]
[Site "Kochin IND"]
[Date "2004.11.21"]
[Round "3"]
[White "Soumitra,M"]
[Black "Navin,K"]
[Result "1/2-1/2"]
[WhiteElo "2148"]
[BlackElo "2058"]

1.d4 Nf6 2.c4 g6 3.Nc3 d5 4.cxd5 Nxd5 5.e4 Nxc3 6.bxc3 Bg7 7.Bc4 c5 8.Ne2 Nc6
9.Be3 O-O 10.O-O Bd7 11.Rc1 a6 12.h3 Qc7 13.f4 e6 14.dxc5 Na5 15.Bb3 Rfd8
16.Qd6 Qc8 17.Rfd1 Bc6 18.Qxd8+ Qxd8 19.Rxd8+ Rxd8 20.Bc2 Bh6 21.Kf2 Nc4
22.Nd4 Nxe3 23.Kxe3 Bf8 24.Nxc6 bxc6 25.Rd1 Bxc5+ 26.Ke2 Rxd1 27.Bxd1 Ba3
28.Ba4 c5 29.Kd3 Kf8 30.Kc4 Ke7 31.Bc6 Bb2 32.Bb7 a5 33.Kb3 Ba1 34.a3 f6
35.g4 h6 36.g5 hxg5 37.fxg5 fxg5 38.e5 g4 39.hxg4 g5  1/2-1/2

[Event "XXI WJun Women"]
[Site "Kochin IND"]
[Date "2004.11.21"]
[Round "4"]
[White "Bensdorp,M"]
[Black "Nadig,K"]
[Result "0-1"]
[WhiteElo "2214"]
[BlackElo "2182"]

1.d4 Nf6 2.c4 g6 3.Nc3 d5 4.cxd5 Nxd5 5.e4 Nxc3 6.bxc3 Bg7 7.Bc4 c5 8.Ne2 Nc6
9.Be3 O-O 10.O-O Bd7 11.Rb1 a6 12.dxc5 Na5 13.Bd3 Qc7 14.f4 Be6 15.Qa4 Rfd8
16.Rfd1 Bg4 17.Qc2 e5 18.fxe5 Bxe5 19.h3 Be6 20.Qa4 Rd7 21.Bf2 Nc6 22.Nd4 Qa5
23.Qxa5 Nxa5 24.Be2 Rad8 25.a4 Ba2 26.Rb2 Be6 27.Rdb1 Rc8 28.Rb6 Re7 29.Bh4 Ree8
30.Bf2 Re7 31.c6 Nxc6 32.Nxe6 fxe6 33.Rxb7 Rxb7 34.Rxb7 a5 35.Bg4 Nd8 36.Rd7 h5
37.Be2 Bxc3 38.Bb6 Nf7 39.Ra7 Nd6 40.Bd3 Nc4 41.Bc7 Bd4+ 42.Kf1 Bxa7  0-1

[Event "XLIII WJun"]
[Site "Kochin IND"]
[Date "2004.11.21"]
[Round "4"]
[White "Swaraj,P"]
[Black "Sandeep,Y"]
[Result "1/2-1/2"]
[WhiteElo "2172"]
[BlackElo "2138"]

1.d4 Nf6 2.c4 g6 3.Nc3 d5 4.cxd5 Nxd5 5.e4 Nxc3 6.bxc3 Bg7 7.Bc4 c5 8.Ne2 O-O
9.O-O Nc6 10.Be3 Bg4 11.f3 Na5 12.Bd3 cxd4 13.cxd4 Be6 14.d5 Bxa1 15.Qxa1 f6
16.Bh6 Re8 17.Kh1 Rc8 18.Nf4 Bd7 19.e5 Nc4 20.e6 Ba4 21.Nxg6 hxg6 22.Bxg6 Ne5
23.Be4 Bc2 24.Bxc2 Rxc2 25.Qd1 Qc7 26.f4 Kh7 27.fxe5 Kxh6 28.exf6 Qc4 29.Qf3 Rc3  1/2-1/2

[Event "ch-CRO"]
[Site "Zagreb CRO"]
[Date "2004.11.21"]
[Round "6"]
[White "Saric,A"]
[Black "Brkic,A"]
[Result "1/2-1/2"]
[WhiteElo "2437"]
[BlackElo "2454"]

1.d4 Nf6 2.c4 g6 3.Nc3 d5 4.cxd5 Nxd5 5.e4 Nxc3 6.bxc3 Bg7 7.Bc4 O-O 8.Ne2 c5
9.O-O Nc6 10.Be3 Bg4 11.f3 Bd7 12.Rb1 Rc8 13.Qd2 Qc7 14.Rfc1 e6 15.Bf4 e5
16.Bg3 Rfd8 17.Bd3 Qd6 18.d5 c4 19.Bc2 Na5 20.Rf1 f5 21.f4 fxe4 22.Bxe4 Rf8
23.fxe5 Bxe5 24.Bxe5 Qxe5 25.Qd4 Rxf1+ 26.Rxf1 Qxd4+ 27.Nxd4 Re8 28.Bf3 Kg7
29.Kf2 Kf6 30.Rd1 Ke5 31.Nc2 Kd6 32.Rd4 b5 33.Rf4 Ke7 34.Rh4 h5 35.Re4+ Kd6
36.Rxe8 Bxe8 37.Ke3 Ke5 38.Nd4 a6 39.Be4 Nb7 40.Nf3+ Kd6 41.Kd4 Nc5 42.Ng5 a5
43.h4 a4 44.a3 Nb3+ 45.Ke3 Ke5 46.Nf3+ Kd6 47.Nd4 Nxd4 48.Kxd4 Bf7 49.g3 Be8
50.Bg2 Bf7 51.Be4 Be8 52.Bf3 Bf7 53.Bg2 Bg8 54.Be4 Bf7 55.Bc2 Be8 56.Bd1 Bf7
57.Bf3 Bg8 58.Be4  1/2-1/2

[Event "17th Belgrade Trophy"]
[Site "Obrenovac SCG"]
[Date "2004.11.22"]
[Round "1"]
[White "Popic,S"]
[Black "Nestorovic,De"]
[Result "0-1"]
[WhiteElo "2089"]
[BlackElo "2416"]

1.d4 Nf6 2.c4 g6 3.Nc3 d5 4.cxd5 Nxd5 5.e4 Nxc3 6.bxc3 Bg7 7.Bc4 O-O 8.Ne2 Nc6
9.O-O b6 10.Ba3 Bb7 11.Nf4 Na5 12.Bd5 c6 13.Bb3 Qc7 14.Qg4 Rfd8 15.Rfe1 Nxb3
16.axb3 e5 17.Ne2 Ba6 18.Ng3 exd4 19.e5 c5 20.h4 dxc3 21.h5 Bxe5 22.hxg6 hxg6
23.Nf5 Bc8 24.Nh6+ Kg7 25.Qg5 Bh2+ 26.Kh1 Bf4 27.Qh4 Rh8  0-1

[Event "XLIII WJun"]
[Site "Kochin IND"]
[Date "2004.11.23"]
[Round "7"]
[White "Tallaksen,G"]
[Black "Sai,Sr"]
[Result "0-1"]
[WhiteElo "2343"]
[BlackElo "2237"]

1.d4 Nf6 2.c4 g6 3.Nc3 d5 4.cxd5 Nxd5 5.e4 Nxc3 6.bxc3 Bg7 7.Bc4 c5 8.Ne2 O-O
9.O-O Nc6 10.Be3 Qc7 11.Rc1 Rd8 12.Bf4 Qd7 13.dxc5 Qe8 14.Bd5 Ne5 15.Bxe5 Bxe5
16.Qb3 Rb8 17.f4 Bc7 18.e5 e6 19.Bf3 Qe7 20.Qc4 b5 21.cxb6 Bxb6+ 22.Nd4 Qa3
23.Be2 Bb7 24.Qb3 Rxd4 25.cxd4 Bxd4+ 26.Kh1 Bxg2+ 27.Kxg2 Rxb3 28.axb3 Qb2
29.Kf3 Qxb3+ 30.Kg2 Qb2 31.Kh1 Qxe2  0-1

[Event "XLIII WJun"]
[Site "Kochin IND"]
[Date "2004.11.24"]
[Round "8"]
[White "Olsson,L"]
[Black "Soumitra,M"]
[Result "1-0"]
[WhiteElo "2289"]
[BlackElo "2148"]

1.d4 Nf6 2.c4 g6 3.Nc3 d5 4.cxd5 Nxd5 5.e4 Nxc3 6.bxc3 Bg7 7.Bc4 c5 8.Ne2 Nc6
9.Be3 O-O 10.Rc1 Qc7 11.h4 Na5 12.Bd3 e5 13.h5 Be6 14.d5 Bd7 15.Ng3 Qd6 16.hxg6 fxg6
17.c4 b6 18.Be2 Nb7 19.Bg4 Qe7 20.Nf1 Nd6 21.Nd2 Rac8 22.a4 Rc7 23.Rb1 Nb7
24.Bh3 Bf6 25.Nf3 Nd6 26.Qc2 Qe8 27.Ra1 Qc8 28.Nd2 Bxh3 29.Rxh3 Qg4 30.Rg3 Qh5
31.Qd1 Qxd1+ 32.Rxd1 Kg7 33.Ke2 Rcf7 34.f3 Kg8 35.Rb1 Nb7 36.Rh3 Be7 37.Kd3 Rc8
38.Rhh1 h5 39.Ra1 Bd8 40.Rhb1 g5 41.Rh1 Rh7 42.Nf1 h4 43.Nh2 Kf7 44.Ng4 Bf6
45.Rh3 Na5 46.Kc3 Rch8 47.Rah1 Kg6 48.Bf2 Rf8 49.g3 Bg7 50.gxh4 gxh4 51.Rg1 Rf4
52.Be3 Rf8 53.Nxe5+ Kf6 54.Rg6+ Ke7 55.Bg5+ Bf6 56.Rxf6 Rxf6 57.Ng4  1-0

[Event "Lushki B"]
[Site "Serpukhov RUS"]
[Date "2004.11.24"]
[Round "8"]
[White "Khamitskiy,S"]
[Black "Vorontsov,N"]
[Result "1-0"]
[WhiteElo "2230"]
[BlackElo "2347"]

1.d4 Nf6 2.c4 g6 3.Nc3 d5 4.cxd5 Nxd5 5.e4 Nxc3 6.bxc3 Bg7 7.Bc4 c5 8.Ne2 O-O
9.Be3 Nc6 10.Rc1 e5 11.d5 Na5 12.Bd3 b6 13.O-O f5 14.f3 f4 15.Bd2 c4 16.Bc2 h5
17.g3 g5 18.Kh1 Kh8 19.Qe1 Qf6 20.Qf2 Bh6 21.Rg1 Rf7 22.gxf4 gxf4 23.Nxf4 exf4
24.e5 Qxe5 25.Qh4 Qxd5 26.Be4 Qxd2  1-0

[Event "RusFed Internet Blitz Cup"]
[Site "ChessAssistantClub INT"]
[Date "2004.11.25"]
[Round "5"]
[White "Shipov,S"]
[Black "Turov,M"]
[Result "0-1"]
[WhiteElo "2588"]
[BlackElo "2543"]

1.d4 Nf6 2.c4 g6 3.Nc3 d5 4.cxd5 Nxd5 5.e4 Nxc3 6.bxc3 Bg7 7.Nf3 c5 8.Be3 O-O
9.Be2 Nd7 10.O-O Qc7 11.a4 b6 12.a5 Bb7 13.Qb1 bxa5 14.Rc1 Rfb8 15.Qd3 cxd4
16.cxd4 Qd8 17.h3 Rc8 18.Rcb1 Nb6 19.Nd2 a4 20.Ra2 Qd7 21.Bf1 e6 22.Nf3 Qc6
23.Nd2 Qc3 24.Qxc3 Rxc3 25.d5 exd5 26.Bxb6 axb6 27.Rxb6 Bc6 28.Nb1 Rc1 29.Nd2 dxe4
30.g4 Bd4 31.Rb4 Bc5 32.Rc4 Rxc4 33.Bxc4 a3 34.Kf1 Rb8 35.Ke2 Ba4 36.Nxe4 Be7
37.Bd3 Bb3 38.Ra1 a2 39.g5 h6 40.h4 Kg7 41.Kd2 hxg5 42.hxg5 Bd5 43.f4 Rb2+
44.Kc3 Rh2 45.Kd4 Be6 46.Bc4 Bxc4 47.Kxc4 f5 48.gxf6+ Bxf6 49.Nxf6 Kxf6 50.Kb3 Kf5
51.Rf1 Rg2 52.Ka3 Re2 53.Kb3 Re4 54.Kxa2 Rxf4 55.Rg1 g5 56.Kb2 g4 57.Kc3 Re4
58.Kd3 Re8 59.Rf1+ Kg5 60.Rg1 Kf4 61.Rf1+ Kg3 62.Rf7 Kg2 63.Kd2 g3 64.Rg7 Kf2
65.Rf7+ Kg1 66.Rf5 g2 67.Rg5 Re4 68.Kd3 Re1 69.Rg7 Re5 70.Kd4 Re2 71.Kd3 Kf1
72.Rf7+ Rf2 73.Rb7 g1=Q 74.Rb1+ Kg2 75.Rxg1+ Kxg1 76.Ke3 Kg2  0-1

[Event "XLIII WJun"]
[Site "Kochin IND"]
[Date "2004.11.25"]
[Round "9"]
[White "Raghuram,B"]
[Black "Soumitra,M"]
[Result "0-1"]
[WhiteElo "2043"]
[BlackElo "2148"]

1.d4 Nf6 2.c4 g6 3.Nc3 d5 4.cxd5 Nxd5 5.e4 Nxc3 6.bxc3 Bg7 7.Bc4 c5 8.Ne2 Nc6
9.Be3 O-O 10.O-O Bd7 11.Rb1 Rc8 12.Bb5 a6 13.Bxc6 Bxc6 14.d5 Bb5 15.a4 Bc4
16.Rxb7 e6 17.d6 Bxe2 18.Qxe2 Qxd6 19.Rfb1 Bxc3 20.R7b6 Qe5 21.Qxa6 Qxe4
22.Qb5 Bd4 23.Qc4 Qe5 24.R6b3 Rfd8 25.a5 Bxe3 26.fxe3 Rd2 27.Rf1 Ra2 28.Rb7 Qxe3+
29.Kh1 Qd2 30.Qg4 Qf2 31.Rbb1 Qd4 32.Qf3 Rf8 33.Rbd1 Qe5 34.Qb7 Rxa5 35.h3 Qb8
36.Qe7 c4 37.Rd7 Rf5 38.Rfd1 Rd5 39.R1xd5 exd5 40.Rxd5 Re8 41.Qh4 c3 42.Rd1 c2
43.Rc1 Qd6 44.Qg4 Qd2  0-1

[Event "XLIII WJun"]
[Site "Kochin IND"]
[Date "2004.11.25"]
[Round "9"]
[White "D'Costa,L"]
[Black "Gopal,G"]
[Result "1-0"]
[WhiteElo "2358"]
[BlackElo "2278"]

1.d4 Nf6 2.c4 g6 3.Nc3 d5 4.cxd5 Nxd5 5.e4 Nxc3 6.bxc3 Bg7 7.Qa4+ Nd7 8.Nf3 O-O
9.Bg5 c5 10.Rd1 Qc7 11.Be2 Nf6 12.d5 Nh5 13.O-O Bxc3 14.Bh6 Bd7 15.Qc4 Bh8
16.e5 Ng7 17.Bd3 b5 18.Qh4 c4 19.Be4 Nf5 20.Bxf5 Bxf5 21.Bxf8 Kxf8 22.Qxh7 Bg7
23.e6 Qd6 24.Rfe1 c3 25.Ne5 fxe6 26.dxe6 Qxe6 27.Nd7+ Qxd7 28.Rxd7 Bxd7 29.Rxe7 Kxe7
30.Qxg7+ Kd6 31.Qd4+ Kc7 32.Qxc3+ Bc6 33.Qg7+ Kb6 34.Qxg6 a5 35.Qf6 b4 36.Qd4+ Kb5
37.h4 a4 38.h5 b3 39.h6 Rg8 40.h7 Rxg2+ 41.Kf1 Rh2 42.h8=Q Rxh8 43.Qxh8 Kb4
44.axb3 axb3 45.Qa1  1-0

[Event "ch-CRO"]
[Site "Zagreb CRO"]
[Date "2004.11.25"]
[Round "10"]
[White "Kozul,Z"]
[Black "Brkic,A"]
[Result "0-1"]
[WhiteElo "2640"]
[BlackElo "2454"]

1.d4 Nf6 2.c4 g6 3.Nc3 d5 4.cxd5 Nxd5 5.e4 Nxc3 6.bxc3 Bg7 7.Be3 c5 8.Qd2 Qa5
9.Rc1 O-O 10.d5 e6 11.Nf3 Rd8 12.c4 Qxd2+ 13.Nxd2 Na6 14.Bd3 b6 15.O-O f5
16.exf5 gxf5 17.Bg5 Re8 18.a3 Bd7 19.f4 exd5 20.cxd5 b5 21.d6 Re3 22.Rf3 Rxf3
23.Nxf3 c4 24.Bc2 Nc5 25.Ne5 Bxe5 26.fxe5 Kf7 27.Rf1 Nd3 28.g4 Rg8 29.h4 h6
30.Bxd3 cxd3 31.gxf5 hxg5 32.h5 Rh8 33.Rf3 d2 34.e6+ Bxe6 35.fxe6+ Kxe6 36.Rd3 Kd7
37.Rxd2 Rxh5 38.Rb2 a6 39.a4 g4 40.axb5 axb5 41.Rd2 b4 42.Rb2 Rb5 43.Kf2 b3
44.Ke3 Kxd6  0-1

[Event "XLIII WJun"]
[Site "Kochin IND"]
[Date "2004.11.27"]
[Round "11"]
[White "Berkes,F"]
[Black "Smerdon,D"]
[Result "1-0"]
[WhiteElo "2630"]
[BlackElo "2425"]

1.d4 Nf6 2.c4 g6 3.Nc3 d5 4.cxd5 Nxd5 5.e4 Nxc3 6.bxc3 Bg7 7.Bc4 c5 8.Ne2 Nc6
9.Be3 O-O 10.O-O Bd7 11.Rb1 a6 12.d5 Ne5 13.Bb3 Qc7 14.f4 Ng4 15.Bc1 c4 16.Bc2 e6
17.dxe6 Bxe6 18.Nd4 Bc8 19.Qf3 Rd8 20.h3 Nf6 21.f5 Qa5 22.Bg5 Rf8 23.Kh1 Nd7
24.Be7 Re8 25.f6 Qe5 26.Ba4 b5 27.Bxb5 axb5 28.Rxb5 Rxe7 29.Rxe5 Rxe5 30.fxg7 f6
31.Nc6 Re6 32.e5 Ra6 33.exf6 Nxf6 34.Nd4 Re7 35.Nc6 Re6 36.Nb4 Rad6 37.Qa8 Rd8
38.Nd5 Kxg7 39.Nxf6 Rxf6 40.Rxf6 Kxf6 41.Kh2 Rg8 42.Qf3+ Ke7 43.Qe4+ Be6
44.Qh4+ Kd6 45.Qxh7 g5 46.g4 Ra8 47.Qc2 Rf8 48.Qd2+ Bd5 49.Qxg5 Rf2+ 50.Kg3 Rxa2
51.Qf6+ Kc5 52.Qd4+ Kd6 53.h4 Rg2+ 54.Kf4 Re2 55.h5 Ke6 56.h6  1-0

[Event "Stek Cup"]
[Site "Tula RUS"]
[Date "2004.11.27"]
[Round "11"]
[White "Poletov,V"]
[Black "Khanov,V"]
[Result "0-1"]
[WhiteElo "2371"]
[BlackElo "2216"]

1.d4 Nf6 2.c4 g6 3.Nc3 d5 4.cxd5 Nxd5 5.e4 Nxc3 6.bxc3 Bg7 7.Bc4 c5 8.Ne2 Nc6
9.Be3 cxd4 10.cxd4 O-O 11.O-O Bg4 12.f3 Na5 13.Bd3 Be6 14.Qa4 a6 15.Bd2 Nc6
16.d5 Ne5 17.Bc2 Bd7 18.Qb3 Bb5 19.Rfe1 Bxe2 20.Rxe2 Nxf3+ 21.gxf3 Bxa1 22.Qxb7 Qc8
23.Qxc8 Rfxc8 24.Bb3 Bd4+ 25.Kg2 Kg7 26.Bf4 f6 27.Ba4 g5 28.Bd2 Rab8 29.Bb3 Rc5
30.Re1 a5 31.Bc1 Rb7 32.Ba3 Rc3 33.Bc1 Rbc7 34.Bd2 Rc2 35.Re2 Rb2 36.Kf1 a4
37.Bxa4 Rxa2 38.Bc6 Rca7 39.f4 Ra1+ 40.Kg2 Rg1+ 41.Kf3 g4+  0-1

[Event "Extraliga CZE 2004-5"]
[Site "Czech Rep CZE"]
[Date "2004.12.05"]
[Round "4"]
[White "Stocek,J"]
[Black "Lechtynsky,J"]
[Result "1-0"]
[WhiteElo "2569"]
[BlackElo "2476"]

1.d4 Nf6 2.c4 g6 3.Nc3 d5 4.cxd5 Nxd5 5.e4 Nxc3 6.bxc3 Bg7 7.Be3 c5 8.Qd2 Qa5
9.Rb1 cxd4 10.Bb5+ Nc6 11.cxd4 Qxd2+ 12.Kxd2 O-O 13.Nf3 f5 14.d5 Rd8 15.Ke2 Na5
16.Ng5 fxe4 17.Ne6 Bxe6 18.dxe6 Nc6 19.Bxc6 bxc6 20.Rb7 Rd6 21.Rxe7 Bf8 22.Rxa7 Rxa7
23.Bxa7 Rxe6 24.a4 c5 25.a5 Ra6 26.Bb6 c4 27.Ra1 c3 28.Kd1 Kf7 29.Kc2 Ke6
30.Ra4 Kd5 31.Kxc3 Bg7+ 32.Kb4 Kc6 33.Ra2 Bf8+ 34.Ka4 Bd6 35.Rc2+ Kb7 36.Kb5 Ra8
37.Rd2  1-0

[Event "FSIM December"]
[Site "Budapest HUN"]
[Date "2004.12.08"]
[Round "5"]
[White "Szeberenyi,A"]
[Black "Schneider,Ve"]
[Result "1-0"]
[WhiteElo "2366"]
[BlackElo "2263"]

1.d4 Nf6 2.c4 g6 3.Nc3 d5 4.cxd5 Nxd5 5.e4 Nxc3 6.bxc3 Bg7 7.Bc4 c5 8.Ne2 O-O
9.O-O Nc6 10.Be3 Na5 11.Bd3 b6 12.Rc1 Qc7 13.f4 f5 14.exf5 Bxf5 15.Bxf5 Rxf5
16.Ng3 Rd5 17.f5 Nc4 18.Bf4 Qd7 19.fxg6 e5 20.Bg5 hxg6 21.Qd3 exd4 22.Qxg6 Qe8
23.Qd3 Nb2 24.Qf3 Rxg5 25.Rce1 Qf8 26.Qb7 Qc8 27.Qf7+ Kh8 28.Rf4 Qf8 29.Rh4+ Bh6
30.Qe6 Kh7 31.Rf1 Qxf1+ 32.Nxf1 Rg6 33.Qf7+ Rg7 34.Qf5+ Rg6 35.Rg4 Rg8 36.h4  1-0

[Event "Open"]
[Site "Banja Luka BIH"]
[Date "2004.12.10"]
[Round "7"]
[White "Marusic,N"]
[Black "Djuza,Z"]
[Result "1-0"]
[WhiteElo "1986"]
[BlackElo "2148"]

1.d4 Nf6 2.c4 g6 3.Nc3 d5 4.cxd5 Nxd5 5.e4 Nxc3 6.bxc3 Bg7 7.f4 c5 8.Nf3 Bg4
9.Bb5+ Nd7 10.e5 cxd4 11.Bxd7+ Qxd7 12.cxd4 Bxf3 13.gxf3 Qb5 14.Kf2 O-O 15.Be3 Rac8
16.Rb1 Qa5 17.Qe2 b6 18.Rhc1 e6 19.Kg3 Qa4 20.Qd2 h5 21.Rb4 Qa6 22.Rbb1 Rfd8
23.Rb2 Rxc1 24.Qxc1 Rc8 25.Rc2 Rxc2 26.Qxc2 Bf8 27.Kf2 Be7 28.Kg2 Qb5 29.Bf2 a5
30.Qc7 Qb4 31.a4 Bf8 32.Qc6 Qb2 33.Qd7 Qd2 34.Qd8 Qxf4 35.Qxb6 Qg5+ 36.Kf1 Bb4
37.h4 Qc1+ 38.Kg2 Qc2 39.Qd8+ Kh7 40.Qf6 Qc7 41.Be3 Bf8 42.Kg3 Bg7 43.Qf4 Kg8
44.Qe4 f5 45.Qa8+ Kh7 46.Qa6 Qc3 47.Bf2 Bxe5+ 48.dxe5 Qxe5+ 49.Kg2 Qd5 50.Qa7+ Kg8
51.Bd4  1-0

[Event "Open"]
[Site "Ashdod ISR"]
[Date "2004.12.14"]
[Round "7"]
[White "Rodshtein,M"]
[Black "Huzman,A"]
[Result "1/2-1/2"]
[WhiteElo "2377"]
[BlackElo "2581"]

1.d4 Nf6 2.c4 g6 3.Nc3 d5 4.cxd5 Nxd5 5.e4 Nxc3 6.bxc3 Bg7 7.Bc4 c5 8.Ne2 Nc6
9.Be3 O-O 10.O-O Bd7 11.Rb1 Qc7 12.Bf4 Qc8 13.Rc1 Rd8 14.d5 Ne5 15.Bxe5 Bxe5
16.f4 Bg7 17.Qb3 Rb8 18.a4 b6 19.e5 Be8 20.Ng3 a6 21.Rcd1 b5 22.axb5 axb5
23.Be2 Qb7 24.Bf3 Qb6 25.Kh1 f6 26.Rfe1 fxe5 27.fxe5 Kh8 28.Ne4 Bxe5  1/2-1/2

[Event "FSIM December"]
[Site "Budapest HUN"]
[Date "2004.12.14"]
[Round "11"]
[White "Szeberenyi,A"]
[Black "Howell,D"]
[Result "0-1"]
[WhiteElo "2366"]
[BlackElo "2340"]

1.d4 Nf6 2.c4 g6 3.Nc3 d5 4.cxd5 Nxd5 5.e4 Nxc3 6.bxc3 Bg7 7.Qa4+ Qd7 8.Qa3 b6
9.Nf3 Bb7 10.Bd3 O-O 11.O-O c5 12.Be3 e6 13.Rfd1 cxd4 14.cxd4 Nc6 15.Rac1 Rac8
16.Bb5 Qe7 17.Qa4 Na5 18.Bg5 Qd6 19.e5 Qd5 20.Be7 Rxc1 21.Rxc1 Rc8 22.Rxc8+ Bxc8
23.Qc2 Bd7 24.a4 h6 25.Bxd7 Qxd7 26.Bd6 Qc6 27.Qxc6 Nxc6 28.Kf1 Bf8 29.Bxf8 Kxf8
30.Ke2 Nb4 31.Nd2 Ke7 32.Ne4 Nc2 33.Kd3 Ne1+ 34.Kc4 Nxg2 35.Nd6 f5 36.Nc8+ Kd7
37.Nxa7 Nf4 38.Nb5 g5 39.Nd6 g4 40.d5 h5 41.Kd4 h4 42.dxe6+ Kxe6 43.Nc4 Nd5
44.a5 bxa5 45.Nxa5 Ne7 46.Nb3 Nc6+ 47.Ke3 Nxe5 48.Nd4+ Kf6 49.Ne2 Nc4+ 50.Kf4 Ne5
51.Ng1 Ng6+ 52.Ke3 Ke5 53.h3 Nf4 54.f3 gxh3  0-1

[Event "Asian U14"]
[Site "Singapore SIN"]
[Date "2004.12.15"]
[Round "7"]
[White "Kasyan,A"]
[Black "Sai,Sr"]
[Result "1/2-1/2"]
[WhiteElo "2226"]
[BlackElo "2237"]

1.d4 Nf6 2.c4 g6 3.Nc3 d5 4.cxd5 Nxd5 5.e4 Nxc3 6.bxc3 Bg7 7.Bc4 c5 8.Ne2 O-O
9.O-O Nc6 10.Be3 Qc7 11.Rc1 Rd8 12.Qd2 Qa5 13.Qb2 b6 14.dxc5 Ne5 15.Bd5 Rxd5
16.exd5 Nd3 17.Qb1 Nxc1 18.Rxc1 bxc5 19.d6 Be6 20.Qb7 Re8 21.dxe7 Bf6 22.Qc6 Rxe7
23.Bxc5 Bd7 24.Qxf6 Qxc5 25.Ng3 Bc6 26.Rd1 Re6 27.Qd8+ Be8 28.Qd4 Qxd4 29.cxd4 Ba4
30.Rc1 Rd6 31.Rc4 Bd7 32.Ne4 Ra6 33.Nc3 Kf8 34.f3 Ke7 35.a4 Kd6 36.Ne4+ Ke7
37.Nc5 Rb6 38.Kf2 Bc6 39.Nd3 Kd6  1/2-1/2

[Event "Open"]
[Site "Lindsborg USA"]
[Date "2004.12.22"]
[Round "9"]
[White "Bick,J"]
[Black "Shivaji,S1"]
[Result "0-1"]
[WhiteElo "2224"]
[BlackElo "2257"]

1.d4 Nf6 2.c4 g6 3.Nc3 d5 4.cxd5 Nxd5 5.e4 Nxc3 6.bxc3 Bg7 7.Bc4 c5 8.Ne2 Nc6
9.Be3 O-O 10.O-O Bg4 11.f3 Na5 12.Bxf7+ Rxf7 13.fxg4 Rxf1+ 14.Kxf1 cxd4 15.cxd4 e5
16.Kg1 Qd7 17.dxe5 Qxd1+ 18.Rxd1 Nc4 19.Bf4 Nxe5 20.g5 Re8 21.Ng3 Kf7 22.h3 Re7
23.Kf2 Rd7 24.Rd5 Nd3+ 25.Ke3 Rxd5 26.exd5 Nb4 27.Ke4 Nxa2 28.Be5 Nc3+ 29.Bxc3 Bxc3
30.Ne2 Bh8 31.Nf4 Ke7 32.Ne6 a5 33.Nc5 b6 34.Nb7 a4  0-1